How to keep your joy. (Record no. 13095)

000 -LEADER
fixed length control field 00582nam a2200193 a 4500
001 - CONTROL NUMBER
control field :::00010913$&:&@@
003 - CONTROL NUMBER IDENTIFIER
control field OkBaRHE
005 - DATE AND TIME OF LATEST TRANSACTION
control field 20000607103403.0
008 - FIXED-LENGTH DATA ELEMENTS--GENERAL INFORMATION
fixed length control field s1987 j 000 0 eng u
020 ## - INTERNATIONAL STANDARD BOOK NUMBER
International Standard Book Number 0840790767
040 ## - CATALOGING SOURCE
Transcribing agency
100 1# - MAIN ENTRY--PERSONAL NAME
Personal name Walker, Paul L.
245 10 - TITLE STATEMENT
Title How to keep your joy.
260 ## - PUBLICATION, DISTRIBUTION, ETC. (IMPRINT)
Place of publication, distribution, etc Nashville, TN., :
Name of publisher, distributor, etc Oliver-Nelson
Date of publication, distribution, etc c1987
300 ## - PHYSICAL DESCRIPTION
Extent 189 p. ;
Dimensions 22 cm.
650 ## - SUBJECT ADDED ENTRY--TOPICAL TERM
Topical term or geographic name as entry element Christian Life
General subdivision Church of God Authors
942 ## - ADDED ENTRY ELEMENTS (KOHA)
Source of classification or shelving scheme
Koha item type Books
Copies
Date acquired Price effective from Withdrawn status Lost status Koha item type Permanent Location Not for loan Damaged status Copy number Barcode Shelving location Date last seen Source of classification or shelving scheme Full call number
2010-04-142010-04-14  BooksRHEMA Bible Training College  110913General Stacks2010-04-14 BV 4501.2 .W3223